Largest Cities in the UK by Suffixes - Statistics

General Stats
  • This quiz has been taken 184 times
  • The average score is 13 of 25
Answer Stats
Hint Answer % Correct
"-ham" 1,159,114 Birmingham
94%
"-ton" 244,329 {Brigh}ton and Hove
86%
"-cester" 473,216 Leicester
84%
"-ton" 288,651 {Kings}ton upon Hull
83%
"-mouth" 249,048 Portsmouth
80%
"-field" 549,362 Sheffield
76%
"-mouth" 240,962 Plymouth
72%
"-burgh/borough" 498,050 Edinburgh
70%
"-ham" 313,778 Nottingham
62%
"-ford" 163,938 Oxford
62%
"-cester" 103,355 Worcester
60%
"-cester" 147,357 Gloucester
52%
"-ry" 375,873 Coventry
46%
"-ford" 363,604 Bradford
45%
"-ton" 269,781 Southampton
45%
"-burgh/borough" 177,683 Peterborough
42%
"-ry" 85,050 Derry
33%
"-ford" 117,592 Chelmsford
30%
"-ford" 63,935 Hereford
26%
"-field" 106,325 Wakefield
26%
"-ton" 219,992 Wolverhampton
25%
"-ford" 118,894 Salford
22%
"-ton" 99,427 Preston
19%
"-ham" 53,717 Durham
17%
"-ry" 63,171 Canterbury
13%
No matching quizzes found
Score Distribution
Percent of People with Each Score
Percentile by Number Answered
Your Score History
You have not taken this quiz